000 00577nam a22002177a 4500
003 OSt
005 20140310182346.0
008 130313t xxu||||| |||| 00| 0 eng d
020 _a0673429520
050 _aQ 161.2
_b.Sc425ga 1993
082 _aGS 500
_bD54 1993
245 _aGardening /
260 _aGlenview, Illinois :
_bScottForesman,
_c1993.
300 _a32 p. :
_bcol. ill. ;
_c28 cm.
440 _aDiscover the wonder
_921955
650 _aSciences.
_921956
650 _aGardening.
_916951
650 _aMetric.
_921957
942 _2lcc
_cBK-GS
999 _c12234
_d12234